| 000 | 00671cam a2200217 i 4500 | ||
|---|---|---|---|
| 001 | 317283 | ||
| 005 | 20121009152531.0 | ||
| 008 | 741017s1975 nyu b 001 0 eng | ||
| 020 |
_a0471727431. _a047172744X |
||
| 082 | 0 | 0 |
_a327.0904 _222 _bROB |
| 100 | 1 |
_aRobertson, Charles L., _d1927- _931101 |
|
| 245 | 1 | 0 |
_aInternational Politics Since World War II : _ba Short History / _cCharles L. Robertson. |
| 250 | _a2d ed. | ||
| 260 |
_aNew York : _bWiley, _c[1975] |
||
| 300 |
_axiii, 465 p. ; _c23 cm. |
||
| 500 | _aIncludes index. | ||
| 504 | _aBibliography: p. 439-454. | ||
| 650 | 0 |
_aWorld politics _y1945-1989. _931102 |
|
| 653 |
_bPol _cOctober2012 |
||
| 942 |
_2ddc _cBB |
||
| 999 |
_c17069 _d17041 |
||